000
00443nam a2200145Ia 4500
008
151213s9999 xx 000 0 und d
100
_a
আল মাহমুদ।
245
_a
সোনালী কাবিন।
_c
আল মাহমুদ।
260
_a
ঢাকা
_b
প্রগতি।
_c
1973
300
_a
8440 p.
650
_a
Bangla
650
_a
Bengali Literature
700
_a
আল মাহমুদ।
999
_c
4278
_d
4278